Score 0/12 Timer 03:00
2 Plays Today
Hint Word % Correct
ETEFFeet
99.3%
RAWWar
97.9%
ROSESore
94.8%
NTFROFront
92.6%
ACESCase
89.2%
NOTESStone
83.5%
KRUETYTurkey
55.2%
BDDOOELBlooded
50.1%
Word in common with all of the above:Cold
49.3%
UHOERDSLShoulder
45.3%
EARTHEDHearted
42.7%
SINUOFFusion
18.8%
Remove Ads.
Support Sporcle.
Get the best of Sporcle when you Go Orange. This ad-free experience offers more features, more stats, and more fun while also helping to support Sporcle. Thank you for becoming a member.

You're not logged in!

Compare scores with friends on all Sporcle quizzes.
OR
Log In

Show Comments

Extras

Top Quizzes Today


Score Distribution

Your Account Isn't Verified!

In order to create a playlist on Sporcle, you need to verify the email address you used during registration. Go to your Sporcle Settings to finish the process.

Report this User

Report this user for behavior that violates our Community Guidelines.

Details: